Gaming Quiz

Random Gaming or Clickable Quiz

Change a Letter: Board Games Quiz Stats

 Plays Quiz Updated May 7, 2018

Score 0/16 Timer 03:00
0 Plays Today
% Correct
Rattleship
90%
Game Of Lice
87%
Connect Sour
85.3%
Settlers of Satan
84.7%
No
84.3%
Scramble
83.7%
Agricold
83.1%
Rise
82.5%
% Correct
Mandemic
82.2%
Club
81.1%
Ticket To Hide
80.6%
Sandyland
77.8%
Trivial Fursuit
75.6%
Lorry!
73.4%
Cress
66.2%
Strategy
64%

You're not logged in!

Compare scores with friends on all Sporcle quizzes.
OR
Log In

Sporcle TV

Today on Sporcle TV


Watch our educational content, quiz creation guides, and fun videos on Sporcle TV.

Show Comments

Extras

Top Quizzes Today


Score Distribution

Your Account Isn't Verified!

In order to create a playlist on Sporcle, you need to verify the email address you used during registration. Go to your Sporcle Settings to finish the process.

Report this User

Report this user for behavior that violates our Community Guidelines.

Details: